000 00594nam a2200229Ia 4500
003 OSt
005 20220924153754.0
006 a|||||r|||| 00| 0
007 ta
008 220923b |||||||| |||| 00| 0 rum d
024 _a351585
037 _cTextual
040 _aARTS
_cARTS
_brum
041 _2rum
_arum
082 _aO142,3M28,18, 32K0
100 _aTolstoy Au.
_9181025
245 0 _aPasporillatha Parithan
260 _c1960
650 _aRUSSIAN LITERATURE
_915056
942 _hO142,3M28,18, 32K0
_cTEXL
_2CC
999 _c474750
_d474750